Potreba stratégie riadenia kvality výroby

Gespeichert in:
Bibliographische Detailangaben
1. Verfasser: Leščišin, Michal
Format: Buchkapitel
Sprache:Slowakisch
Tags: Tag hinzufügen
Keine Tags, Fügen Sie das erste Tag hinzu!

MARC

LEADER 00000nla$a2200000$$$4500
001 0061821
005 20240502071709.3
041 0 |a slo 
044 |a SK 
245 1 0 |a Potreba stratégie riadenia kvality výroby  |c Michal Leščišin 
100 1 |a Leščišin, Michal